000 03065cam a22008534a 4500
001 kangaroos00wood
003 CaSfIA
005 20210118161927.0
007 cr||||
008 960223s1997 nyuab j b 001 0 eng
010 _a 96007222
040 _aDLC
_cDLC
_dBAKER
_dXY4
_dBTCTA
_dYDXCP
_dOCLCG
_dSXC
_dCaSfIA
020 _a0761402950
020 _a9780761402954
035 _a(OCoLC)34319369
042 _apcc
_alcac
050 0 0 _aQL737.M35
_bW66 1997
082 0 0 _a599.2
_220
100 1 _aWoodward, John,
_d1954-
245 1 0 _aKangaroos /
_h[electronic resource]
_cby John Woodward.
260 _aNew York :
_bBenchmark Books,
_cc1997.
300 _a32 p. :
_bcol. ill., col. maps ;
_c24 cm.
440 0 _aEndangered!
504 _aIncludes bibliographical references (p. 30).
520 _aDescribes the physical characteristics, habitat, and behavior of kangaroos living, often against all odds, in Australia and New Guinea.
505 0 _aBig kangaroos -- Nailtail & rock wallabies -- Hare wallabies -- Tree kangaroos - Rat kangaroos.
650 0 _aKangaroos
_vJuvenile literature.
650 0 _aEndangered species
_vJuvenile literature.
650 1 _aKangaroos.
650 1 _aEndangered species.
856 4 1 _uhttp://www.archive.org/details/kangaroos00wood
_zFree eBook from the Internet Archive
856 4 2 _uhttp://www.openlibrary.org/books/OL23243830M
_zAdditional information and access via Open Library
029 1 _aNZ1
_b4545731
029 1 _aAU@
_b000012231294
029 1 _aUNITY
_b008148090
029 1 _aUKBNS
_bJ009702052
029 1 _aUNITY
_b114609152
029 1 _aUKSFD
_b0761402950
029 1 _aCOVCL
_b0761402950
029 1 _aUKDMB
_b0761402950
029 1 _aUKHER
_b0761402950
029 1 _aUKSND
_b0761402950
029 1 _aUKWCC
_b0761402950
029 1 _aUKLBB
_b0761402950
029 1 _aUKBCC
_b0761402950
029 1 _aUKCEL
_b0761402950
029 1 _aUKLBE
_b0761402950
029 1 _aUKLBR
_b0761402950
029 1 _aUKRED
_b0761402950
029 1 _aUKKCC
_b0761402950
029 1 _aUKKUT
_b0761402950
029 1 _aLONBM
_b0761402950
029 1 _aUKESR
_b0761402950
029 1 _aUKBNT
_b0761402950
029 1 _aUKLHK
_b0761402950
029 1 _aUKLBL
_b0761402950
029 1 _aUNITY
_b084813679
029 1 _aUKBUR
_b0761402950
029 1 _aUKBNS
_b0761402950
029 1 _aSOUCL
_b0761402950
029 1 _aUKCST
_b0761402950
029 1 _aUKNFK
_b0761402950
029 1 _aUKHUL
_b0761402950
029 1 _aUKKLI
_b0761402950
029 1 _aUKTAL
_b0761402950
029 1 _aUKNLL
_b0761402950
029 1 _aDERBL
_b0761402950
029 1 _aUKPTR
_b0761402950
029 1 _aUKCAM
_b0761402950
029 1 _aCBK
_b0761402950
942 _cEB
506 _fНеобхідна авторизація на https://archive.org/ (створення облікового запису безкоштовно)
506 _fНеобхідна авторизація на https://openlibrary.org/ (створення облікового запису безкоштовно)
999 _c515316
_d515316